Al-as'ilah wa'l-ajwibah = (Questions and answers) : (Record no. 433)

000 -LEADER
fixed length control field nam a22 a 4500
005 - DATE AND TIME OF LATEST TRANSACTION
control field 20170503162358.0
008 - FIXED-LENGTH DATA ELEMENTS--GENERAL INFORMATION
fixed length control field 170503b1995 MY ||||| |||| 00| 0 eng d
020 ## - INTERNATIONAL STANDARD BOOK NUMBER
International Standard Book Number 9839900218
040 ## - CATALOGING SOURCE
Original cataloging agency AKMAL
082 ## - DEWEY DECIMAL CLASSIFICATION NUMBER
Classification number 110 BIR
090 ## - LOCALLY ASSIGNED LC-TYPE CALL NUMBER (OCLC); LOCAL CALL NUMBER (RLIN)
Classification number (OCLC) (R) ; Classification number, CALL (RLIN) (NR) 110
Local cutter number (OCLC) ; Book number/undivided call number, CALL (RLIN) BIR
100 ## - MAIN ENTRY--PERSONAL NAME
Personal name Biruni , Muhammad ibn Ahmad
9 (RLIN) 1006
245 ## - TITLE STATEMENT
Title Al-as'ilah wa'l-ajwibah = (Questions and answers) :
Remainder of title including the further answers of Al-Biruni and Al-Ma'sumi's defense of Ibn Sina / Al-Biruni and Ibn Sina
260 ## - PUBLICATION, DISTRIBUTION, ETC.
Place of publication, distribution, etc. KUALA LUMPUR
Name of publisher, distributor, etc. International Institute of Islamic Thought and Civilization (ISTAC),
Date of publication, distribution, etc. 1995
300 ## - PHYSICAL DESCRIPTION
Extent viii, [102]. ;
Dimensions 22 cm
942 ## - ADDED ENTRY ELEMENTS (KOHA)
Source of classification or shelving scheme
Koha item type Book
Holdings
Withdrawn status Lost status Source of classification or shelving scheme Damaged status Not for loan Collection code Home library Current library Shelving location Date acquired Inventory number Total Checkouts Full call number Barcode Date last seen Price effective from Koha item type
          NON-FICTION AKMAL Melaka AKMAL Melaka PINJAMAN 03.05.2017 00309   110 BIR 201701292 03.05.2017 03.05.2017 Book
Pusat Sumber Maklumat Dato' Haji Sarmin Md Hussin, Akademi Kastam Diraja Malaysia, Melaka
Tel: 06-2331106 | Faks: 06-2313787